000
00349nam a2200157Ia 4500
003
OSt
005
20240223154805.0
008
170524s9999 xx 000 0 und d
020
_a
978-8126513260
040
_c
IIMT UNIVERSITY MEERUT
100
_a
Haykin
245
0
_a
Communication Systems
260
_b
Wiley
260
_c
2007
942
_2
ddc
_c
02
999
_c
5169
_d
5169